[Event "LSS SN-2009-0-00208"]
[Site "LSS email"]
[Date "2009.12.16"]
[Round "?"]
[White "Vontina, Maria"]
[Black "Korystin, Pavel"]
[Result "0-1"]
[WhiteElo "642"]
[BlackElo "740"]
[PlyCount "56"]
[EventDate "2009.12.05"]
[EventType "tourn (corr)"]
[EventRounds "6"]
[EventCountry "GER"]
[SourceTitle "Telechess CBM 137"]
[Source "ChessBase"]
[SourceDate "2010.07.15"]
[SourceVersion "1"]
[SourceVersionDate "2010.07.15"]
[SourceQuality "1"]

1. d4 Nf6 2. c4 e6 3. Nc3 d5 4. Bg5 h6 5. Bh4 dxc4 6. e4 Bb4 7. Bxf6 Qxf6 8. Bxc4 0-0 9. f3 c6 10. Nge2 b5 11. Bb3 a5 12. a3 Bxc3+ 13. bxc3 a4 14. Bc2 Rd8 15. 0-0 c5 16. Qd3 Ba6 17. e5 Qe7 18. Qe3 cxd4 19. cxd4 b4 20. axb4 Bxe2 21. Qxe2 Qxb4 22. Be4 Qxd4+ 23. Kh1 Qxe5 24. Qc4 Ra5 25. Rxa4 Rxa4 26. Qb3 Ra1 27. Rxa1 Qxa1+ 28. Qb1 Qxb1+ 0-1

[Event "LSS RN-2009-0-00241"]
[Site "LSS email"]
[Date "2009.11.30"]
[Round "?"]
[White "Feng, Jason"]
[Black "Korystin, Pavel"]
[Result "1-0"]
[WhiteElo "923"]
[BlackElo "731"]
[PlyCount "77"]
[EventDate "2009.10.28"]
[EventType "tourn (corr)"]
[EventRounds "6"]
[EventCountry "GER"]
[SourceTitle "Telechess CBM 137"]
[Source "ChessBase"]
[SourceDate "2010.07.15"]
[SourceVersion "1"]
[SourceVersionDate "2010.07.15"]
[SourceQuality "1"]

1. e4 e5 2. Nf3 Nc6 3. Bc4 Nf6 4. Ng5 d5 5. exd5 Nxd5 6. Nxf7 Kxf7 7. Qf3+ Ke8 8. Bxd5 Qf6 9. Bxc6+ Qxc6 10. Qxc6+ bxc6 11. 0-0 Bd6 12. Nc3 Rf8 13. d3 Kf7 14. Ne4 Kg8 15. Bg5 h6 16. Nxd6 cxd6 17. Be7 Rf5 18. Bxd6 Ba6 19. Rae1 Re8 20. c4 Re6 21. Bc5 Rf7 22. b3 Bc8 23. d4 e4 24. Re3 Re8 25. Rfe1 Bf5 26. f3 Bg6 27. fxe4 a5 28. e5 Bc2 29. d5 cxd5 30. cxd5 Rc7 31. Bb6 Rd7 32. d6 a4 33. Bc7 axb3 34. axb3 Re6 35. Rc3 Bg6 36. b4 Re8 37. e6 Bf5 38. e7 Kh7 39. b5 1-0

[Event "LSS RN-2009-0-00241"]
[Site "LSS email"]
[Date "2009.11.29"]
[Round "?"]
[White "Korystin, Pavel"]
[Black "Pehl, Ferenc"]
[Result "0-1"]
[WhiteElo "750"]
[BlackElo "880"]
[PlyCount "64"]
[EventDate "2009.10.28"]
[EventType "tourn (corr)"]
[EventRounds "6"]
[EventCountry "GER"]
[SourceTitle "Telechess CBM 137"]
[Source "ChessBase"]
[SourceDate "2010.07.15"]
[SourceVersion "1"]
[SourceVersionDate "2010.07.15"]
[SourceQuality "1"]

1. Nf3 Nc6 2. e4 e5 3. c3 d5 4. exd5 Qxd5 5. Na3 Bxa3 6. bxa3 Bg4 7. Be2 Nf6 8. h3 Bh5 9. 0-0 0-0 10. Rb1 b6 11. c4 Qd6 12. Bb2 Rfe8 13. Nh4 Bxe2 14. Qxe2 g6 15. Rfd1 Nd4 16. Bxd4 exd4 17. Qf3 c5 18. a4 Kg7 19. Re1 Rad8 20. Rxe8 Rxe8 21. g3 Qe6 22. d3 Qxh3 23. Qg2 Qxg2+ 24. Kxg2 Re2 25. a3 Rd2 26. Rb3 Ng4 27. Kh3 Nxf2+ 28. Kg2 Nxd3+ 29. Kh3 Ne5 30. Rb5 Nxc4 31. Nf3 Rd3 32. Ne1 Rxa3 0-1

[Event "LSS RN-2009-0-00241"]
[Site "LSS email"]
[Date "2009.11.29"]
[Round "?"]
[White "Korystin, Pavel"]
[Black "Vontina, Maria"]
[Result "1-0"]
[WhiteElo "753"]
[BlackElo "632"]
[PlyCount "49"]
[EventDate "2009.10.28"]
[EventType "tourn (corr)"]
[EventRounds "6"]
[EventCountry "GER"]
[SourceTitle "Telechess CBM 137"]
[Source "ChessBase"]
[SourceDate "2010.07.15"]
[SourceVersion "1"]
[SourceVersionDate "2010.07.15"]
[SourceQuality "1"]

1. Nf3 Nf6 2. Nc3 e6 3. a3 Be7 4. e4 d5 5. e5 Nfd7 6. d4 0-0 7. Bd3 c5 8. dxc5 Nxc5 9. Be3 Nxd3+ 10. Qxd3 Nc6 11. h4 a6 12. Bg5 b5 13. Bxe7 Qxe7 14. Ng5 g6 15. f4 Rd8 16. h5 Bb7 17. hxg6 fxg6 18. Rxh7 Qxh7 19. Nxh7 Kxh7 20. 0-0-0 Ne7 21. Qh3+ Kg7 22. Qxe6 Nf5 23. Nxd5 Bxd5 24. Rxd5 Rxd5 25. Qxd5 1-0

[Event "LSS ZN-2009-0-00775"]
[Site "LSS email"]
[Date "2009.10.20"]
[Round "?"]
[White "Korystin, Pavel"]
[Black "Skoromovsky, Andrew"]
[Result "1-0"]
[WhiteElo "761"]
[BlackElo "699"]
[PlyCount "53"]
[EventDate "2009.10.17"]
[EventType "match (corr)"]
[EventRounds "2"]
[EventCountry "GER"]
[SourceTitle "Telechess CBM 137"]
[Source "ChessBase"]
[SourceDate "2010.07.15"]
[SourceVersion "1"]
[SourceVersionDate "2010.07.15"]
[SourceQuality "1"]

1. e4 Nf6 2. d3 d5 3. exd5 Nxd5 4. h3 e5 5. Nf3 f6 6. g3 b5 7. d4 exd4 8. Nxd4 Qe7+ 9. Be2 f5 10. 0-0 f4 11. Bxb5+ Bd7 12. Qf3 c6 13. Bc4 c5 14. Bxd5 cxd4 15. Qxf4 Bxh3 16. Bxa8 Qe2 17. Qe4+ Qxe4 18. Bxe4 Bxf1 19. Kxf1 h5 20. Nd2 Be7 21. Nf3 g5 22. Bxg5 h4 23. Bxh4 Bxh4 24. Nxh4 0-0 25. Rd1 Rd8 26. c3 Nd7 27. Rxd4 1-0

[Event "LSS ZN-2009-0-00750"]
[Site "LSS email"]
[Date "2009.10.07"]
[Round "?"]
[White "Korystin, Pavel"]
[Black "Trevis, Robert R"]
[Result "0-1"]
[WhiteElo "759"]
[BlackElo "941"]
[PlyCount "52"]
[EventDate "2009.10.03"]
[EventType "match (corr)"]
[EventRounds "2"]
[EventCountry "GER"]
[SourceTitle "Telechess CBM 137"]
[Source "ChessBase"]
[SourceDate "2010.07.15"]
[SourceVersion "1"]
[SourceVersionDate "2010.07.15"]
[SourceQuality "1"]

1. Nf3 d5 2. d4 Nc6 3. Nc3 Nf6 4. h3 e6 5. a3 Bd6 6. e3 0-0 7. Bd3 e5 8. dxe5 Nxe5 9. Nxe5 Bxe5 10. Qd2 c5 11. f4 Bd6 12. 0-0 Re8 13. Bb5 Bd7 14. Bxd7 Qxd7 15. Nxd5 Ne4 16. Qd3 Rad8 17. Nc3 Nxc3 18. Qxc3 Qc6 19. Bd2 Be7 20. b4 Bf6 21. Qxc5 Qxc5 22. bxc5 Bxa1 23. Rxa1 Rxd2 24. c4 Rxe3 25. a4 Ree2 26. Rf1 Rxg2+ 0-1

[Event "LSS SN-2009-0-00180"]
[Site "LSS email"]
[Date "2009.09.05"]
[Round "?"]
[White "Jokmin, Alex"]
[Black "Korystin, Pavel"]
[Result "0-1"]
[WhiteElo "826"]
[BlackElo "744"]
[PlyCount "88"]
[EventDate "2009.08.15"]
[EventType "tourn (corr)"]
[EventRounds "6"]
[EventCountry "GER"]
[SourceTitle "Corr 2011"]
[Source "ChessBase"]
[SourceDate "2010.08.31"]
[SourceVersion "1"]
[SourceVersionDate "2010.08.31"]
[SourceQuality "1"]

1. d4 d5 2. c4 dxc4 3. Nc3 b6 4. e4 e5 5. Nf3 exd4 6. Qxd4 Qxd4 7. Nxd4 Ba6 8. Be2 g6 9. e5 Bg7 10. Bf3 c6 11. Nxc6 Bb7 12. Nd4 Bxf3 13. Nxf3 Nc6 14. Bf4 Rd8 15. 0-0 Nd4 16. Nxd4 Rxd4 17. Bg3 Nh6 18. Rad1 Rxd1 19. Rxd1 0-0 20. Rd7 Ng4 21. Rxa7 Nxe5 22. Rb7 Nd3 23. Rxb6 Bxc3 24. bxc3 Ra8 25. Rb8+ Rxb8 26. Bxb8 f6 27. a4 Nc5 28. a5 Kf7 29. Bd6 Na6 30. Kf1 h5 31. Ke2 Ke6 32. Bb4 Kd5 33. Ke3 f5 34. Kf4 Ke6 35. Kg5 Kf7 36. Bd6 Ke6 37. Bf4 Kf7 38. Be5 Nc5 39. Bd4 Ne6+ 40. Kh4 Nxd4 41. cxd4 c3 42. a6 c2 43. a7 c1Q 44. g3 Qa1 0-1

[Event "LSS ZN-2009-0-00720"]
[Site "LSS email"]
[Date "2009.09.05"]
[Round "?"]
[White "Korystin, Pavel"]
[Black "Skoromovsky, Andrew"]
[Result "1/2-1/2"]
[WhiteElo "744"]
[BlackElo "800"]
[PlyCount "99"]
[EventDate "2009.09.02"]
[EventType "match (corr)"]
[EventRounds "2"]
[EventCountry "GER"]
[SourceTitle "Telechess CBM 137"]
[Source "ChessBase"]
[SourceDate "2010.07.15"]
[SourceVersion "1"]
[SourceVersionDate "2010.07.15"]
[SourceQuality "1"]

1. Nf3 Nc6 2. e4 Nf6 3. d4 d5 4. e5 Ne4 5. Ng1 f6 6. f3 Ng5 7. Bxg5 fxg5 8. Nc3 Bf5 9. a3 g4 10. fxg4 Be4 11. Nxe4 dxe4 12. Bb5 e6 13. c3 a6 14. Bxc6+ bxc6 15. Ne2 c5 16. Qa4+ Qd7 17. Qxd7+ Kxd7 18. 0-0-0 cxd4 19. Rxd4+ Kc8 20. Rxe4 Be7 21. Kb1 Rd8 22. Nf4 Rd2 23. Nxe6 Rxg2 24. Nxg7 Rb8 25. b4 c5 26. Rc4 a5 27. Nf5 Bf8 28. Nd6+ Kd7 29. Rxc5 axb4 30. axb4 Bxd6 31. Rd5 Rb6 32. Rxd6+ Rxd6 33. exd6 Kxd6 34. h3 Kd5 35. Rc1 Kc4 36. Rc2 Rg1+ 37. Rc1 Rg3 38. Kb2 Rxh3 39. Rd1 Rxc3 40. Rc1 Rxc1 41. Kxc1 Kxb4 42. Kd2 Kc4 43. Ke3 Kd5 44. Kf4 Ke6 45. Kg5 Kf7 46. Kh6 Kg8 47. g5 Kh8 48. g6 hxg6 49. Kxg6 Kg8 50. Kf6 1/2-1/2

[Event "LSS SN-2009-0-00180"]
[Site "LSS email"]
[Date "2009.09.04"]
[Round "?"]
[White "Korystin, Pavel"]
[Black "Erdos, Viktor"]
[Result "1-0"]
[WhiteElo "744"]
[BlackElo "1017"]
[PlyCount "33"]
[EventDate "2009.08.15"]
[EventType "tourn (corr)"]
[EventRounds "6"]
[EventCountry "GER"]
[SourceTitle "Corr 2011"]
[Source "ChessBase"]
[SourceDate "2010.08.31"]
[SourceVersion "1"]
[SourceVersionDate "2010.08.31"]
[SourceQuality "1"]

1. Nc3 e5 2. e4 Nf6 3. d3 Bc5 4. Be2 d6 5. Nf3 Ng4 6. d4 exd4 7. Nxd4 Qh4 8. g3 Qh3 9. Nd5 0-0 10. Ne7+ Kh8 11. Nxc8 Rxc8 12. Bxg4 Qg2 13. Qf3 Qxf3 14. Nxf3 Re8 15. Nd2 Nc6 16. 0-0 Nb4 17. c3 1-0

[Event "LSS SN-2009-0-00180"]
[Site "LSS email"]
[Date "2009.09.04"]
[Round "?"]
[White "Korystin, Pavel"]
[Black "Jokmin, Guido"]
[Result "1-0"]
[WhiteElo "733"]
[BlackElo "571"]
[PlyCount "21"]
[EventDate "2009.08.15"]
[EventType "tourn (corr)"]
[EventRounds "6"]
[EventCountry "GER"]
[SourceTitle "Corr 2015"]
[Source "ChessBase"]
[SourceDate "2015.07.17"]
[SourceVersion "1"]
[SourceVersionDate "2015.07.17"]
[SourceQuality "1"]

1. d3 e5 2. Nc3 Nf6 3. Nf3 Bc5 4. Nxe5 0-0 5. d4 Bb6 6. Bg5 d6 7. Bxf6 Qxf6 8. e3 dxe5 9. Nd5 Ba5+ 10. b4 Qc6 11. Ne7+ 1-0

[Event "LSS SN-2009-0-00172"]
[Site "LSS email"]
[Date "2009.07.29"]
[Round "?"]
[White "Korystin, Pavel"]
[Black "Pehl, Ferenc"]
[Result "0-1"]
[WhiteElo "824"]
[BlackElo "797"]
[PlyCount "92"]
[EventDate "2009.07.14"]
[EventType "tourn (corr)"]
[EventRounds "6"]
[EventCountry "GER"]
[SourceTitle "Corr 2011"]
[Source "ChessBase"]
[SourceDate "2010.08.31"]
[SourceVersion "1"]
[SourceVersionDate "2010.08.31"]
[SourceQuality "1"]

1. e4 e5 2. d3 d5 3. exd5 Qxd5 4. c4 Qd8 5. Be2 Nc6 6. Nf3 Nf6 7. Nc3 Bd6 8. Be3 0-0 9. c5 Be7 10. a3 b6 11. b4 bxc5 12. Bxc5 Bxc5 13. bxc5 Bd7 14. a4 Qe7 15. d4 exd4 16. Nxd4 Nxd4 17. Qxd4 Bc6 18. 0-0 Rfd8 19. Qh4 Qxc5 20. Rac1 Qa5 21. Bb5 Bxb5 22. Nxb5 Rac8 23. Rc3 c6 24. Qh3 Qxa4 25. Na3 h6 26. Rd3 Qa6 27. Rfd1 Rxd3 28. Rxd3 Qb7 29. Qf5 Re8 30. h3 Qc7 31. Rg3 Re1+ 32. Kh2 Ne4 33. Qg4 Nxg3 34. fxg3 c5 35. Qa4 Re3 36. Qg4 Rxa3 37. h4 a5 38. h5 a4 39. Kh3 Rxg3+ 40. Qxg3 Qxg3+ 41. Kxg3 a3 42. Kf4 a2 43. g4 a1Q 44. g5 hxg5+ 45. Kxg5 Qf6+ 46. Kg4 c4 0-1

[Event "LSS SN-2009-0-00171"]
[Site "LSS email"]
[Date "2009.07.26"]
[Round "?"]
[White "Korystin, Pavel"]
[Black "Ferluga, Sergio"]
[Result "0-1"]
[WhiteElo "744"]
[BlackElo "800"]
[PlyCount "96"]
[EventDate "2009.07.09"]
[EventType "tourn (corr)"]
[EventRounds "6"]
[EventCountry "GER"]
[SourceTitle "Corr 2011"]
[Source "ChessBase"]
[SourceDate "2010.08.31"]
[SourceVersion "1"]
[SourceVersionDate "2010.08.31"]
[SourceQuality "1"]

1. e4 c5 2. Nc3 d6 3. d4 cxd4 4. Qxd4 Bd7 5. Be3 Nc6 6. Qd2 Nf6 7. Nf3 Rc8 8. h3 e6 9. Bb5 a6 10. Bxc6 Bxc6 11. Qd3 d5 12. exd5 Nxd5 13. Nxd5 Qxd5 14. Qxd5 Bxd5 15. c3 Bd6 16. Nh4 f6 17. 0-0 g5 18. Nf3 Bxf3 19. gxf3 Ke7 20. Rac1 Rc4 21. b3 Rcc8 22. b4 Rc4 23. Rfd1 h5 24. Rd4 Rhc8 25. Rxc4 Rxc4 26. a4 b6 27. Bxb6 Bxb4 28. Rd1 Rxc3 29. Bd8+ Kf7 30. Kg2 Kg6 31. Re1 Kf5 32. Re4 Bc5 33. Bc7 Bxf2 34. Kxf2 Rxc7 35. Ke3 Rc2 36. f4 Rc3+ 37. Kd4 Rc4+ 38. Kxc4 Kxe4 39. fxg5 fxg5 40. Kc5 g4 41. hxg4 hxg4 42. Kb6 Kd5 43. Kxa6 g3 44. Kb6 g2 45. a5 g1Q+ 46. Kb5 Qb1+ 47. Ka6 Kc6 48. Ka7 Qb7# 0-1

[Event "LSS SN-2009-0-00168"]
[Site "LSS email"]
[Date "2009.07.15"]
[Round "?"]
[White "Korystin, Pavel"]
[Black "Allwardt, David Lawrence"]
[Result "0-1"]
[WhiteElo "824"]
[BlackElo "833"]
[PlyCount "88"]
[EventDate "2009.06.26"]
[EventType "tourn (corr)"]
[EventRounds "6"]
[EventCountry "GER"]
[SourceTitle "Corr 2011"]
[Source "ChessBase"]
[SourceDate "2010.08.31"]
[SourceVersion "1"]
[SourceVersionDate "2010.08.31"]
[SourceQuality "1"]

1. e4 c5 2. Nc3 Nc6 3. d3 Nf6 4. g3 d5 5. Nxd5 Nxd5 6. exd5 Qxd5 7. Qf3 Be6 8. Qxd5 Bxd5 9. f3 Nd4 10. Kd2 Nxf3+ 11. Nxf3 Bxf3 12. Rg1 0-0-0 13. b3 g6 14. Ba3 Bh6+ 15. Kc3 Bg7+ 16. d4 Bxd4+ 17. Kc4 Bd5+ 18. Kb5 Bxg1 19. Bh3+ Kc7 20. Rxg1 b6 21. Bb2 Rhe8 22. Be5+ Kb7 23. Bg2 f6 24. Bxd5+ Rxd5 25. Bf4 a6+ 26. Kc4 Red8 27. h4 b5+ 28. Kc3 Kc6 29. a3 Rd1 30. Rxd1 Rxd1 31. Kb2 Rg1 32. b4 c4 33. c3 e5 34. Bd2 Rxg3 35. Kc2 Rg2 36. Kd1 Rxd2+ 37. Kxd2 h5 38. Ke3 Kd5 39. Kd2 g5 40. hxg5 fxg5 41. Kc2 h4 42. Kb2 h3 43. a4 h2 44. axb5 axb5 0-1

[Event "LSS SN-2009-0-00168"]
[Site "LSS email"]
[Date "2009.07.15"]
[Round "?"]
[White "Korystin, Pavel"]
[Black "Pehl, Ferenc"]
[Result "0-1"]
[WhiteElo "824"]
[BlackElo "797"]
[PlyCount "100"]
[EventDate "2009.06.26"]
[EventType "tourn (corr)"]
[EventRounds "6"]
[EventCountry "GER"]
[SourceTitle "Corr 2011"]
[Source "ChessBase"]
[SourceDate "2010.08.31"]
[SourceVersion "1"]
[SourceVersionDate "2010.08.31"]
[SourceQuality "1"]

1. e4 e5 2. Nc3 Nf6 3. Nf3 Nc6 4. d4 exd4 5. Nxd4 Nxd4 6. Qxd4 d6 7. Bg5 Be7 8. Bxf6 Bxf6 9. Qa4+ Bd7 10. Bb5 c6 11. Be2 0-0 12. Qb4 Qc7 13. 0-0-0 a5 14. Qxd6 Qxd6 15. Rxd6 Be6 16. Rd3 Rfd8 17. a3 Rxd3 18. cxd3 Rd8 19. Na4 Bd4 20. f4 b5 21. f5 Bb3 22. Nc3 Bxc3 23. bxc3 a4 24. d4 f6 25. g4 Re8 26. Bd3 h6 27. h4 Kf7 28. d5 cxd5 29. Bxb5 Rxe4 30. Bc6 Rxg4 31. Rd1 Rxh4 32. Bxd5+ Bxd5 33. Rxd5 Rc4 34. Kc2 h5 35. Kd3 Rc7 36. Ra5 g5 37. Rxa4 h4 38. Kc2 Rc5 39. Kb3 h3 40. Kb4 Rxf5 41. Ra7+ Kg6 42. Rd7 h2 43. Rd1 g4 44. c4 g3 45. c5 Rxc5 46. Kxc5 g2 47. a4 g1Q+ 48. Rd4 h1Q 49. a5 Qh5+ 50. Kc4 Qxa5 0-1

[Event "LSS SN-2009-0-00168"]
[Site "LSS email"]
[Date "2009.07.15"]
[Round "?"]
[White "Korystin, Pavel"]
[Black "Yehuda, Ben"]
[Result "0-1"]
[WhiteElo "824"]
[BlackElo "1100"]
[PlyCount "48"]
[EventDate "2009.06.26"]
[EventType "tourn (corr)"]
[EventRounds "6"]
[EventCountry "GER"]
[SourceTitle "Corr 2011"]
[Source "ChessBase"]
[SourceDate "2010.08.31"]
[SourceVersion "1"]
[SourceVersionDate "2010.08.31"]
[SourceQuality "1"]

1. Nf3 Nf6 2. d4 d5 3. e3 e6 4. Bd3 Bd6 5. 0-0 c5 6. c3 0-0 7. dxc5 Bxc5 8. h3 Nc6 9. b4 Bd6 10. Na3 e5 11. Nb5 e4 12. Nxd6 Qxd6 13. Bb5 exf3 14. Bxc6 fxg2 15. Kxg2 bxc6 16. a4 Ne4 17. f4 Qg6+ 18. Kh1 Bxh3 19. Rg1 Nf2+ 20. Kh2 Qh6 21. Qe2 Bf1+ 22. Kg3 Ne4+ 23. Kf3 Qh3+ 24. Rg3 Qxg3# 0-1

[Event "LSS SN-2009-0-00168"]
[Site "LSS email"]
[Date "2009.07.15"]
[Round "?"]
[White "Sagi, Raju"]
[Black "Korystin, Pavel"]
[Result "0-1"]
[WhiteElo "323"]
[BlackElo "744"]
[PlyCount "62"]
[EventDate "2009.06.26"]
[EventType "tourn (corr)"]
[EventRounds "6"]
[EventCountry "GER"]
[SourceTitle "Corr 2011"]
[Source "ChessBase"]
[SourceDate "2010.08.31"]
[SourceVersion "1"]
[SourceVersionDate "2010.08.31"]
[SourceQuality "1"]

1. d4 d5 2. e3 Nf6 3. Nf3 Nc6 4. g3 e6 5. Bg2 a5 6. 0-0 b5 7. Nc3 b4 8. Na4 Ba6 9. Ne5 Bxf1 10. Qxf1 Nxe5 11. Qb5+ Ned7 12. c3 Rb8 13. Qxa5 c5 14. Qa7 Ra8 15. Qb7 Rxa4 16. Bd2 Be7 17. Rc1 Rxa2 18. Rc2 0-0 19. cxb4 cxb4 20. Bxb4 Bxb4 21. Qxb4 Qa5 22. Qb3 Rb8 23. Qd3 Qe1+ 24. Qf1 Qxf1+ 25. Bxf1 g6 26. Kg2 Raxb2 27. Rxb2 Rxb2 28. h4 Ng4 29. Kh3 Nxf2+ 30. Kg2 Ng4+ 31. Kf3 Nh2+ 0-1

[Event "LSS SN-2009-0-00164"]
[Site "LSS email"]
[Date "2009.06.27"]
[Round "?"]
[White "Korystin, Pavel"]
[Black "Vontina, Maria"]
[Result "1-0"]
[WhiteElo "733"]
[BlackElo "639"]
[PlyCount "23"]
[EventDate "2009.06.11"]
[EventType "tourn (corr)"]
[EventRounds "6"]
[EventCountry "GER"]
[SourceTitle "Corr 2015"]
[Source "ChessBase"]
[SourceDate "2015.07.17"]
[SourceVersion "1"]
[SourceVersionDate "2015.07.17"]
[SourceQuality "1"]

1. Nf3 Nf6 2. d4 e6 3. e3 Be7 4. Nc3 0-0 5. Qd3 b6 6. Ng5 Bb7 7. e4 d6 8. d5 exd5 9. exd5 Nbd7 10. Nce4 Ne5 11. Nxf6+ Bxf6 12. Qxh7# 1-0

[Event "LSS RN-2009-0-00215"]
[Site "LSS email"]
[Date "2009.06.07"]
[Round "?"]
[White "Korystin, Pavel"]
[Black "Pecsi, Roland"]
[Result "0-1"]
[WhiteElo "824"]
[BlackElo "753"]
[PlyCount "134"]
[EventDate "2009.05.24"]
[EventType "tourn (corr)"]
[EventRounds "6"]
[EventCountry "GER"]
[SourceTitle "Corr 2011"]
[Source "ChessBase"]
[SourceDate "2010.08.31"]
[SourceVersion "1"]
[SourceVersionDate "2010.08.31"]
[SourceQuality "1"]

1. Nf3 d5 2. d4 Nf6 3. Bg5 e6 4. e3 h6 5. Bxf6 Qxf6 6. Qd3 Bd6 7. e4 dxe4 8. Qxe4 Qf4 9. Bb5+ c6 10. Qxf4 Bxf4 11. Bd3 0-0 12. Nbd2 f6 13. g3 Bxd2+ 14. Nxd2 e5 15. dxe5 fxe5 16. Nc4 Re8 17. 0-0 Bh3 18. Rfe1 Nd7 19. Nd6 Reb8 20. Bf5 Bxf5 21. Nxf5 Re8 22. Rad1 Nf6 23. Nd6 Red8 24. Nxb7 Rxd1 25. Rxd1 Rb8 26. Na5 Rxb2 27. c4 Rxa2 28. Nxc6 Ng4 29. Re1 Rxf2 30. Nxe5 Nxe5 31. Rxe5 Rc2 32. c5 Kf7 33. h4 Kf6 34. Rd5 Ke6 35. Rd6+ Ke7 36. Rd5 Ke6 37. Rh5 Kf6 38. g4 a5 39. Rf5+ Ke6 40. c6 Rxc6 41. Rxa5 Rc4 42. Ra6+ Kf7 43. Kh2 Rxg4 44. Kh3 Rd4 45. h5 Re4 46. Rg6 Re6 47. Rxe6 Kxe6 48. Kg4 Ke5 49. Kh3 Kf5 50. Kh4 Kf4 51. Kh3 Kg5 52. Kg3 Kxh5 53. Kf4 Kg6 54. Kg4 Kf6 55. Kh5 Kf5 56. Kh4 Kf4 57. Kh5 g5 58. Kxh6 g4 59. Kh5 g3 60. Kg6 g2 61. Kf6 g1Q 62. Ke6 Qg5 63. Kd6 Qe5+ 64. Kc6 Ke4 65. Kd7 Kd5 66. Kd8 Kc6 67. Kc8 Qc7# 0-1

[Event "LSS RN-2009-0-00215"]
[Site "LSS email"]
[Date "2009.06.07"]
[Round "?"]
[White "Vontina, Maria"]
[Black "Korystin, Pavel"]
[Result "0-1"]
[WhiteElo "605"]
[BlackElo "800"]
[PlyCount "92"]
[EventDate "2009.05.24"]
[EventType "tourn (corr)"]
[EventRounds "6"]
[EventCountry "GER"]
[SourceTitle "Corr 2011"]
[Source "ChessBase"]
[SourceDate "2010.08.31"]
[SourceVersion "1"]
[SourceVersionDate "2010.08.31"]
[SourceQuality "1"]

1. d4 d5 2. c4 dxc4 3. Nc3 e6 4. e4 Nc6 5. Be3 e5 6. d5 Nb4 7. Bxc4 Bd6 8. Nge2 Bg4 9. f3 Bh5 10. 0-0 Nf6 11. a3 Na6 12. b4 c6 13. dxc6 Rc8 14. Bxa6 bxa6 15. Bxa7 Rxc6 16. Rc1 0-0 17. Na4 Qa8 18. Bf2 Rfc8 19. Rxc6 Qxc6 20. Nc5 Bxc5 21. Bxc5 a5 22. Nc3 axb4 23. axb4 Qe6 24. Na4 Nxe4 25. Qc1 Nxc5 26. Nxc5 Qb6 27. Qd2 Rd8 28. Qc3 Rd4 29. Rb1 g5 30. Kf1 Qg6 31. Ne4 Qf5 32. Rc1 Rxe4 33. Kg1 Rd4 34. b5 g4 35. fxg4 Qxg4 36. b6 Rd1+ 37. Rxd1 Qxd1+ 38. Kf2 Qe2+ 39. Kg3 Qg4+ 40. Kf2 Qf5+ 41. Kg1 Qb1+ 42. Kf2 Qxb6+ 43. Kg3 e4 44. Qc8+ Kg7 45. Qc3+ f6 46. Qc8 Qe3+ 0-1

[Event "LSS SN-2009-0-00156"]
[Site "LSS email"]
[Date "2009.05.28"]
[Round "?"]
[White "Korystin, Pavel"]
[Black "Mori, Roberto"]
[Result "1-0"]
[WhiteElo "800"]
[BlackElo "650"]
[PlyCount "47"]
[EventDate "2009.05.05"]
[EventType "tourn (corr)"]
[EventRounds "6"]
[EventCountry "GER"]
[SourceTitle "Corr 2011"]
[Source "ChessBase"]
[SourceDate "2010.08.31"]
[SourceVersion "1"]
[SourceVersionDate "2010.08.31"]
[SourceQuality "1"]

1. e4 e5 2. Nf3 Nc6 3. d4 Bb4+ 4. Bd2 exd4 5. Bxb4 Nf6 6. Bc5 Nxe4 7. Ba3 d6 8. Bd3 Qe7 9. Qe2 Nc5 10. Qxe7+ Kxe7 11. Bxc5 dxc5 12. 0-0 Be6 13. Re1 Kd7 14. Ne5+ Kd6 15. f4 f6 16. Nxc6 bxc6 17. a4 a5 18. Na3 Rab8 19. f5 Bf7 20. Bc4 Bxc4 21. Nxc4+ Kd5 22. b3 d3 23. Rad1 Kd4 24. Rxd3# 1-0

[Event "LSS SN-2009-0-00156"]
[Site "LSS email"]
[Date "2009.05.28"]
[Round "?"]
[White "Lanier, Jeff"]
[Black "Korystin, Pavel"]
[Result "1-0"]
[WhiteElo "909"]
[BlackElo "824"]
[PlyCount "135"]
[EventDate "2009.05.05"]
[EventType "tourn (corr)"]
[EventRounds "6"]
[EventCountry "GER"]
[SourceTitle "Corr 2011"]
[Source "ChessBase"]
[SourceDate "2010.08.31"]
[SourceVersion "1"]
[SourceVersionDate "2010.08.31"]
[SourceQuality "1"]

1. e4 e5 2. Nf3 Nf6 3. Nc3 Bc5 4. h3 c6 5. a3 Qa5 6. d3 d5 7. Bd2 Qb6 8. Na4 Bxf2+ 9. Ke2 Qa6 10. Kxf2 Qxa4 11. Nxe5 Qd4+ 12. Be3 Qxe5 13. exd5 Nxd5 14. Qf3 Qxe3+ 15. Qxe3+ Nxe3 16. Kxe3 0-0 17. Kd2 b5 18. g4 a5 19. Bg2 Be6 20. Rae1 c5 21. Bxa8 Rd8 22. Be4 c4 23. Kc1 cxd3 24. Bxd3 Nc6 25. Bxb5 Nd4 26. Bd3 Rc8 27. Re4 Nb3+ 28. Kd1 Nc5 29. Rd4 g6 30. Rf1 Nxd3 31. Rxd3 Bc4 32. Rdf3 Bxf1 33. Rxf1 Rc5 34. Rf3 h5 35. gxh5 Rxh5 36. Kd2 Kg7 37. Kc3 f5 38. Kb3 Rh4 39. c4 Kf6 40. Rc3 Rh7 41. Ka4 Rb7 42. b3 Ra7 43. c5 Ke5 44. Rd3 f4 45. Kb5 Ke4 46. Rc3 f3 47. Rc4+ Ke3 48. Kb6 Rh7 49. c6 f2 50. Rc1 Ke2 51. c7 Rh8 52. Kb7 f1Q 53. Rxf1 Kxf1 54. c8Q Rxc8 55. Kxc8 Ke2 56. b4 axb4 57. axb4 g5 58. b5 Kf3 59. b6 Kg3 60. b7 Kxh3 61. b8Q g4 62. Qb1 g3 63. Qg1 g2 64. Kd7 Kg3 65. Ke6 Kh3 66. Kf5 Kg3 67. Ke4 Kh3 68. Kf3 1-0

[Event "LSS ZN-2009-0-00609"]
[Site "LSS email"]
[Date "2009.05.19"]
[Round "?"]
[White "Korystin, Pavel"]
[Black "Sinygovsky, Vladimir"]
[Result "0-1"]
[WhiteElo "800"]
[BlackElo "800"]
[PlyCount "80"]
[EventDate "2009.05.12"]
[EventType "match (corr)"]
[EventRounds "2"]
[EventCountry "GER"]
[SourceTitle "Corr 2011"]
[Source "ChessBase"]
[SourceDate "2010.08.31"]
[SourceVersion "1"]
[SourceVersionDate "2010.08.31"]
[SourceQuality "1"]

1. e4 Nf6 2. d3 Nc6 3. a3 d5 4. Bg5 dxe4 5. Bxf6 gxf6 6. Nc3 exd3 7. cxd3 Bf5 8. Nf3 Qd7 9. h3 0-0-0 10. Be2 Bxd3 11. 0-0 Bh6 12. Nd5 Qxd5 13. Bxd3 Qxd3 14. Qxd3 Rxd3 15. b4 Rhd8 16. b5 Nd4 17. Nxd4 R8xd4 18. a4 Rb3 19. Rfe1 e5 20. g3 Rbb4 21. a5 Rxb5 22. a6 b6 23. Ra2 Ra5 24. Rxa5 bxa5 25. Kg2 Bf8 26. f4 Bd6 27. g4 a4 28. Kg3 a3 29. f5 Rd3+ 30. Kh4 Bc5 31. Rh1 Bd4 32. Kh5 a2 33. h4 a1Q 34. Rxa1 Bxa1 35. Kh6 Rg3 36. g5 fxg5 37. hxg5 e4 38. f6 Bxf6 39. gxf6 e3 40. Kxh7 e2 0-1